000 00464nam a2200181Ia 4500
001 4403
005 20260306145753.0
008 260306t2018||||xx |||||||||||||| ||spa||
041 _aESP
082 _a321.6
_bK21
100 _aKantorowicz, Ernst H.
_eAUT
245 0 _aLos dos cuerpos del rey:
_bun estudio de teología política medieval
260 _c2018
300 _a558 páginas :
_c22 cm.
650 _aGEN
654 _aCHU
942 _cLIB
_dJUS
_fJUS
_2ddc
_n
999 _c4403
_d4403